Bhartreehuri's Vairagya Shatak / (Record no. 64269)

MARC details
000 -LEADER
fixed length control field 00513nam a22001457a 4500
005 - DATE AND TIME OF LATEST TRANSACTION
control field 20120322152422.0
020 ## - INTERNATIONAL STANDARD BOOK NUMBER
International Standard Book Number 8187877057
Terms of availability 40.00
035 ## - SYSTEM CONTROL NUMBER
System control number B-88313
037 ## - SOURCE OF ACQUISITION
Stock number DPL
Source of stock number/acquisition ENG
245 ## - TITLE STATEMENT
Title Bhartreehuri's Vairagya Shatak /
Statement of responsibility, etc rev. and edited by S.K. Bhatia
260 ## - PUBLICATION, DISTRIBUTION, ETC. (IMPRINT)
Place of publication, distribution, etc New Delhi
Name of publisher, distributor, etc Gita Enterprises
Date of publication, distribution, etc 2001
300 ## - PHYSICAL DESCRIPTION
Extent 23p.
Dimensions 20 cms.
942 ## - ADDED ENTRY ELEMENTS (KOHA)
Source of classification or shelving scheme Dewey Decimal Classification
Item type English Books
Classification part 181.45
Call number suffix BHA
Holdings
Withdrawn status Lost status Not for loan Collection code Home library Current library Date acquired Cost, normal purchase price Full call number Barcode Cost, replacement price Koha item type
      Non-fiction Sarojini Nagar Sarojini Nagar 22/03/2012 40.00 181.45 BHA B-88313 40.00 English Books

© Delhi Public Library
Hit Counter
free hit counter